Govt. of
Madhya Pradesh

The eye of the Tiger (Record no. 33981)

MARC details
000 -LEADER
fixed length control field 004000000a22001690004500
003 - CONTROL NUMBER IDENTIFIER
control field MACL
005 - DATE AND TIME OF LATEST TRANSACTION
control field 20160105172750.0
008 - FIXED-LENGTH DATA ELEMENTS--GENERAL INFORMATION
fixed length control field 160105b xxu||||| |||| 00| 0 eng d
040 ## - CATALOGING SOURCE
Original cataloging agency MACL
Transcribing agency MACL
041 ## - LANGUAGE CODE
Language code of text/sound track or separate title English
082 ## - DEWEY DECIMAL CLASSIFICATION NUMBER
Classification number 823/SMI
100 ## - MAIN ENTRY--PERSONAL NAME
Personal name Smith, Wilbur
9 (RLIN) 28347
245 ## - TITLE STATEMENT
Title The eye of the Tiger
260 ## - PUBLICATION, DISTRIBUTION, ETC. (IMPRINT)
Name of publisher, distributor, etc. Mcmillan
Place of publication, distribution, etc. Madras
650 ## - SUBJECT ADDED ENTRY--TOPICAL TERM
Topical term or geographic name as entry element Fiction
9 (RLIN) 28348
942 ## - ADDED ENTRY ELEMENTS (KOHA)
Koha item type Books
Call number prefix 823/Smi
Source of classification or shelving scheme
Holdings
Withdrawn status Lost status Source of classification or shelving scheme Damaged status Not for loan Home library Current library Date acquired Total Checkouts Full call number Barcode Date last seen Uniform Resource Identifier Price effective from Koha item type
          MACL MACL 15/04/2015   823/SMI CLE016066 29/04/2015 34184 15/04/2015 Books